[Event "Feffernitz Raika op 06th"]
[Site "Feffernitz"]
[Date "1997.08.21"]
[Round "?"]
[White "Arztmann, Fraenki"]
[Black "Kuttnig, Roland"]
[Result "1/2-1/2"]
[WhiteElo "2025"]
[BlackElo "1743"]
[PlyCount "66"]
[EventDate "1997.08.??"]
[EventType "swiss"]
[EventRounds "9"]
[EventCountry "AUT"]
[SourceTitle "EXT 2004"]
[Source "ChessBase"]
[SourceDate "2003.11.25"]
[SourceVersion "1"]
[SourceVersionDate "2003.11.25"]
[SourceQuality "1"]

1. e4 e5 2. Nf3 Nc6 3. Bb5 a6 4. Ba4 Nf6 5. d3 d6 6. h3 Be7 7. 0-0 0-0 8. Be3 b5 9. Bb3 Re8 10. c3 Bf8 11. Nbd2 g6 12. a4 Rb8 13. axb5 axb5 14. Ng5 Re7 15. Bd5 Qe8 16. b4 Bb7 17. Bb3 Nd8 18. Qc2 h6 19. Ngf3 Ne6 20. Rfb1 Bg7 21. Nf1 Nh5 22. Bxe6 Rxe6 23. Qc1 g5 24. Ba7 Nf4 25. Qd2 Rd8 26. Be3 d5 27. Bxf4 exf4 28. e5 Bxe5 29. Nxe5 Rxe5 30. d4 Re2 31. Re1 Rxd2 32. Rxe8+ Rxe8 33. Nxd2 Ra8 1/2-1/2